000 01857nam a22002897a 4500
001 9587
003 FISKH
005 20260123162924.0
008 260123b cb ||||| |||| 00| 0 eng d
020 _a9781444758993
040 _aFISKH
_beng
_cFISKH
_dFISKH
050 _aPS3602 .R7226 .R43
082 _a813.6
100 _aBrown, Pierce
_eAuthor
245 _aRed rising /
_cPierce Brown
260 _aLondon :
_bHodder & Stoughton Ltd ,
_c2014
300 _a382 pages :
_c20 cm
490 _aRed rising saga
_v1
505 _aP
520 _aDarrow is a Red, a member of the lowest caste in the color-coded society of the future. Like his fellow Reds, he works all day, believing that he and his people are making the surface of Mars livable for future generations. Yet he spends his life willingly, knowing that his blood and sweat will one day result in a better world for his children. But Darrow and his kind have been betrayed. Soon he discovers that humanity reached the surface generations ago. Vast cities and sprawling parks spread across the planet. Darrow and Reds like him, are nothing more than slaves to a decadent ruling class. Inspired by a longing for justice, and driven by the memory of lost love, Darrow sacrifices everything to infiltrate the legendary Institute, a proving ground for the dominant Gold caste, where the next generation of humanity's overlords struggle for power. He will be forced to compete for his life and the very future of civilization against the best and most brutal of Society's ruling class. There, he will stop at nothing to bring down his enemies . . . even if it means he has to become one of them to do so.
521 8 _a630
_bLexile HL
521 8 _aP
_bRaz-Plus
650 _aRed rising
_vScience fiction
650 _aFantasy
_vColonization
942 _2ddc
_cBK
_n0
999 _c9587
_d9587